[Event "LSS RE-2010-0-00040"]
[Site "LSS email"]
[Date "2010.05.05"]
[Round "?"]
[White "Raines, David T"]
[Black "Bouzas, Juan"]
[Result "0-1"]
[WhiteElo "1067"]
[BlackElo "1384"]
[PlyCount "74"]
[EventDate "2010.03.04"]
[EventType "tourn (corr)"]
[EventRounds "6"]
[EventCountry "GER"]
[SourceTitle "Corr 2013"]
[Source "ChessBase"]
[SourceDate "2012.11.12"]
[SourceVersion "1"]
[SourceVersionDate "2012.11.12"]
[SourceQuality "1"]

1. Nf3 e6 2. d4 f5 3. c4 Nf6 4. g3 d5 5. Bg2 c6 6. 0-0 Bd6 7. Nc3 0-0 8. Qc2 Ne4 9. Rb1 Nd7 10. b4 Qe8 11. c5 Bc7 12. a4 e5 13. e3 Nxc3 14. Qxc3 e4 15. Ne1 Nf6 16. b5 Qh5 17. f3 Kh8 18. Qb4 g5 19. b6 Bb8 20. a5 axb6 21. cxb6 Rg8 22. Qe7 Qh6 23. Qb4 exf3 24. Nxf3 Re8 25. Bd2 Ne4 26. Bc1 Bd6 27. Qe1 g4 28. Nd2 Nc3 29. Rb3 Rxe3 30. Nb1 Rxe1 31. Bxh6 Ne2+ 32. Kh1 Rxf1+ 33. Bxf1 Nxd4 34. Re3 Bd7 35. Bg5 Ne6 36. Bf6+ Kg8 37. Nc3 Rxa5 0-1

[Event "LSS RN-2010-0-00269"]
[Site "LSS email"]
[Date "2010.03.06"]
[Round "?"]
[White "Vontina, Maria"]
[Black "Bouzas, Juan"]
[Result "0-1"]
[WhiteElo "637"]
[BlackElo "1384"]
[PlyCount "48"]
[EventDate "2010.02.24"]
[EventType "tourn (corr)"]
[EventRounds "6"]
[EventCountry "GER"]
[SourceTitle "Telechess CBM 147"]
[Source "ChessBase"]
[SourceDate "2012.03.16"]
[SourceVersion "1"]
[SourceVersionDate "2012.03.16"]
[SourceQuality "1"]

1. e4 e6 2. d4 d5 3. Nc3 Nf6 4. Bg5 Be7 5. e5 Nfd7 6. Bxe7 Qxe7 7. Nf3 0-0 8. Bd3 c5 9. 0-0 Nc6 10. dxc5 Nxc5 11. a3 Nxd3 12. Qxd3 b6 13. Rac1 Bb7 14. Rfe1 Rac8 15. h3 f6 16. exf6 Qxf6 17. Rf1 Ne7 18. Rfe1 Ng6 19. Ne2 e5 20. Nh2 Qxf2+ 21. Kh1 d4 22. Rg1 Nh4 23. Rcf1 Bxg2+ 24. Rxg2 Qxg2# 0-1

[Event "OP-2010-0-01078"]
[Site "LSS email"]
[Date "2010.02.10"]
[Round "?"]
[White "Bonoldi, Fabio"]
[Black "Bouzas, Juan"]
[Result "1-0"]
[WhiteElo "1883"]
[BlackElo "1346"]
[PlyCount "123"]
[EventDate "2010.02.06"]
[EventType "tourn (corr)"]
[EventRounds "4"]
[EventCountry "GER"]
[SourceTitle "Telechess CBM 141"]
[Source "ChessBase"]
[SourceDate "2011.03.17"]
[SourceVersion "1"]
[SourceVersionDate "2011.03.17"]
[SourceQuality "1"]

1. d4 e6 2. Nf3 f5 3. Bf4 Nf6 4. e3 d5 5. c4 c6 6. Nc3 Be7 7. Bd3 0-0 8. Qc2 Ne4 9. g4 Na6 10. a3 Nxc3 11. bxc3 Nc7 12. gxf5 exf5 13. Rg1 Kh8 14. Be5 Bf6 15. Ke2 Bxe5 16. Nxe5 Qh4 17. cxd5 cxd5 18. Nf3 Qh5 19. Rg5 Qh3 20. Rag1 Ne6 21. R1g3 Nxg5 22. Rxh3 Nxh3 23. Kf1 Be6 24. Kg2 f4 25. e4 Rae8 26. c4 dxc4 27. Bxc4 Rc8 28. d5 Bd7 29. Qb3 b5 30. Bd3 Rfe8 31. e5 Bg4 32. e6 Bxf3+ 33. Kxf3 a6 34. Kg2 Ng5 35. h4 Nxe6 36. dxe6 Rc6 37. Bf5 Rc4 38. Qd3 Rc7 39. Bxh7 Rxe6 40. Qd8+ Kxh7 41. Qxc7 Rg6+ 42. Kf3 Rf6 43. Kg4 Kh6 44. h5 Kh7 45. f3 Kh6 46. Qc8 Kh7 47. Kg5 Rh6 48. Qf5+ Kg8 49. Qxf4 Rf6 50. Qb8+ Kh7 51. f4 Rh6 52. f5 Rf6 53. Qe8 Rh6 54. Kf4 Rf6 55. Ke4 Rh6 56. Kd5 Rf6 57. Kd4 Rh6 58. Kc5 Rf6 59. Kb4 Rh6 60. Ka5 Rf6 61. Qg6+ Rxg6 62. hxg6+ 1-0

[Event "OP-2010-0-01078"]
[Site "LSS email"]
[Date "2010.02.10"]
[Round "?"]
[White "Bouzas, Juan"]
[Black "Nolf, Francky"]
[Result "1/2-1/2"]
[WhiteElo "800"]
[BlackElo "1161"]
[PlyCount "42"]
[EventDate "2010.02.06"]
[EventType "tourn (corr)"]
[EventRounds "4"]
[EventCountry "GER"]
[SourceTitle "Corr 2013"]
[Source "ChessBase"]
[SourceDate "2012.11.12"]
[SourceVersion "1"]
[SourceVersionDate "2012.11.12"]
[SourceQuality "1"]

1. e4 d6 2. d4 Nf6 3. Nc3 Nbd7 4. Be3 e5 5. Bc4 Be7 6. f3 0-0 7. Nge2 c6 8. a4 Qc7 9. d5 cxd5 10. Nxd5 Nxd5 11. Bxd5 Nf6 12. Nc3 a6 13. 0-0 Be6 14. a5 Bxd5 15. Bb6 Qc8 16. Nxd5 Nxd5 17. Qxd5 Qxc2 18. Rfc1 Qxb2 19. Rab1 Qe2 20. Re1 Qc2 21. Rec1 Qe2 1/2-1/2